<?xml version="1.0" encoding="UTF-8"?><?xml-stylesheet type="text/xsl" href="static/style.xsl"?><OAI-PMH xmlns="http://www.openarchives.org/OAI/2.0/" xmlns:xsi="http://www.w3.org/2001/XMLSchema-instance" xsi:schemaLocation="http://www.openarchives.org/OAI/2.0/ http://www.openarchives.org/OAI/2.0/OAI-PMH.xsd"><responseDate>2026-05-17T01:16:04Z</responseDate><request verb="GetRecord" identifier="oai:repisalud.isciii.es:20.500.12105/25933" metadataPrefix="marc">https://repisalud.isciii.es/rest/oai/request</request><GetRecord><record><header><identifier>oai:repisalud.isciii.es:20.500.12105/25933</identifier><datestamp>2025-12-18T12:56:20Z</datestamp><setSpec>com_20.500.12105_2052</setSpec><setSpec>com_20.500.12105_2051</setSpec><setSpec>col_20.500.12105_19608</setSpec></header><metadata><record xmlns="http://www.loc.gov/MARC21/slim" xmlns:dcterms="http://purl.org/dc/terms/" xmlns:doc="http://www.lyncode.com/xoai" xmlns:xsi="http://www.w3.org/2001/XMLSchema-instance" xsi:schemaLocation="http://www.loc.gov/MARC21/slim http://www.loc.gov/standards/marcxml/schema/MARC21slim.xsd">
   <leader>00925njm 22002777a 4500</leader>
   <datafield ind2=" " ind1=" " tag="042">
      <subfield code="a">dc</subfield>
   </datafield>
   <datafield ind2=" " ind1=" " tag="720">
      <subfield code="a">Lopez-Cuadrado, Teresa</subfield>
      <subfield code="e">author</subfield>
   </datafield>
   <datafield ind2=" " ind1=" " tag="720">
      <subfield code="a">Susser, Ezra</subfield>
      <subfield code="e">author</subfield>
   </datafield>
   <datafield ind2=" " ind1=" " tag="720">
      <subfield code="a">Martínez-Alés, Gonzalo</subfield>
      <subfield code="e">author</subfield>
   </datafield>
   <datafield ind2=" " ind1=" " tag="260">
      <subfield code="c">2024</subfield>
   </datafield>
   <datafield ind2=" " ind1=" " tag="520">
      <subfield code="a">Introduction: Bipolar disorder (BD) hospitalization rates in children and adolescents vary greatly across place and over time. There are no population-based studies on youth BD hospitalizations in Spain. Methods: We identified all patients aged 10-19 hospitalized due to BD in Spain between 2000 and 2021, examined their demographic and clinical characteristics, and assessed temporal trends in hospitalizations - overall and stratified by age and presence of additional psychiatric comorbidity. We used Joinpoint regressions to identify inflection points and quantify whole-period and annual percentage changes (APCs) in trends. Results: Of 4770 BD hospitalizations in 10-19-year-olds between 2000 and 2021 (average annual rate: 4.8 per 100,000), over half indicated an additional psychiatric comorbidity, most frequently substance abuse (62.2%), mostly due to cannabis (72.4%). During the study period, admissions increased twofold with an inflection point: Rates increased annually only between 2000 and 2008, for APCs 34.0% (95% confidence interval: 20.0%, 71.1%) among 10-14-year-olds, 10.3% (6.4%, 14.3%) among 15-19-year-olds, and 15.5% (11.5%, 22.7%) among patients with additional psychiatric comorbidity. Between 2009 and 2021, rates decreased moderately among 10-14-year-olds - APC: -8.3% (-14.1%, -4.4%) and slightly among 15-19-year-olds without additional psychiatric comorbidity - APC: -2.6(-5.7, -1.0), remaining largely stable among 15-19-year-olds overall. Conclusions: Recent trends in hospitalization due to BD in 10-19-year-olds in Spain indicate salient increases in the early 2000s - especially among (i) patients aged 10-14 (decreasing moderately after 2009 among 10-14-year-olds and plateauing among 15-19-year-olds) and (ii) patients with additional psychiatric comorbidity (i.e., cannabis use disorder). These findings suggest links with recent changes in clinical practices for children and recent trends in substance use among Spanish youth.</subfield>
   </datafield>
   <datafield ind1="8" ind2=" " tag="024">
      <subfield code="a">López-Cuadrado T, Susser E, Martínez-Alés G. Recent trends in hospital admission due to bipolar disorder in 10–19-year-olds in Spain: A nationwide population-based study. Bipolar Disord. 2024. doi:10.1111/bdi.13500.</subfield>
   </datafield>
   <datafield ind1="8" ind2=" " tag="024">
      <subfield code="a">10.1111/bdi.13500</subfield>
   </datafield>
   <datafield ind1="8" ind2=" " tag="024">
      <subfield code="a">1399-5618</subfield>
   </datafield>
   <datafield ind1="8" ind2=" " tag="024">
      <subfield code="a">1398-5647</subfield>
   </datafield>
   <datafield ind1="8" ind2=" " tag="024">
      <subfield code="a">Bipolar Disorders</subfield>
   </datafield>
   <datafield ind1="8" ind2=" " tag="024">
      <subfield code="a">39237479</subfield>
   </datafield>
   <datafield ind1="8" ind2=" " tag="024">
      <subfield code="a">https://hdl.handle.net/20.500.12105/25933</subfield>
   </datafield>
   <datafield tag="653" ind2=" " ind1=" ">
      <subfield code="a">Bipolar disorder</subfield>
   </datafield>
   <datafield tag="653" ind2=" " ind1=" ">
      <subfield code="a">Children and adolescents</subfield>
   </datafield>
   <datafield tag="653" ind2=" " ind1=" ">
      <subfield code="a">Hospital admissions</subfield>
   </datafield>
   <datafield tag="653" ind2=" " ind1=" ">
      <subfield code="a">Trends</subfield>
   </datafield>
   <datafield ind2="0" ind1="0" tag="245">
      <subfield code="a">Recent trends in hospital admission due to bipolar disorder in 10-19-year-olds in Spain: A nationwide population-based study.</subfield>
   </datafield>
</record></metadata></record></GetRecord></OAI-PMH>